Old Testament Theology : The Theology of Israeľs Historical Traditions, Volume 1 Gerhard Von Rad ; Translation by-D.M.G.Stalker
Record details
- Physical Description: 483 p.
- Edition: Reprinted 1963
- Publisher: Edinburgh and London Oliver and Boyd 1963
Content descriptions
| General Note: | Překlad s němčiny,naklad.Chr.Kaiser Verlag, Munich 1957 |
Available copies
- 1 of 1 copy available at Common Catalog SPOK.
Holds
- 0 current holds with 1 total copy.
Other Formats and Editions
Show All Copies
| Location | Call Number / Copy Notes | Barcode | Shelving Location | Status | Due Date |
|---|---|---|---|---|---|
| ETS Library | 230.0411 | 424470010633 | Volný výběr | Available | - |
| LDR | 00870nam a2 00265 | ||
|---|---|---|---|
| 001 | 32829 | ||
| 003 | CZ-PrJAB | ||
| 005 | 20060810000000.0 | ||
| 008 | 060810s1963 xxk e |||| |eng | ||
| 009 | gb | ||
| 035 | . | ‡a(CONS)6737 | |
| 035 | . | ‡aKPS12382 | |
| 040 | . | ‡aABG450 | |
| 041 | . | ‡aeng | |
| 082 | 1 | 4. | ‡a230.0411 |
| 100 | . | ‡7109 ‡aRad, Gerhard Von | |
| 245 | . | ‡aOld Testament Theology : ‡bThe Theology of Israeľs Historical Traditions, Volume 1 ‡cGerhard Von Rad ; Translation by-D.M.G.Stalker | |
| 250 | . | ‡aReprinted 1963 | |
| 260 | . | ‡aEdinburgh and London ‡bOliver and Boyd ‡c1963 | |
| 300 | . | ‡a483 p. | |
| 500 | . | ‡aPřeklad s němčiny,naklad.Chr.Kaiser Verlag, Munich 1957 | |
| 653 | . | ‡aThe Theology of Israeľs Historical Traditions, Volume 1 | |
| 700 | . | ‡76295 ‡aStalker, D.M.G. | |
| 852 | 4 | . | ‡bETS ‡bETS ‡cVolný výběr ‡j230.0411 ‡gE ‡p424470010633 |
| 910 | . | ‡aABG450 | |
| 999 | . | ‡a6737 ‡bAUTOGEN ‡c6737 ‡tbiblio | |
| 905 | . | ‡uadmin | |
| 901 | . | ‡a32829 ‡b ‡c32829 ‡tbiblio ‡sets | |